Physical Organic Chemistry /

Salvato in:
Dettagli Bibliografici
Autore principale: Hine, Jack (autor)
Natura: Libro
Lingua:inglese
Pubblicazione: Nueva York, EUA : McGraw-Hill, 1956
Soggetti:
Tags: Aggiungi Tag
Nessun Tag, puoi essere il primo ad aggiungerne!!

MARC

LEADER 00000nam^a2200000^a^4500
001 000014049
005 20250521000000.0
009 20260310083927.51
037 |a Acervo ITESO - Biblioteca 
041 |a ING 
082 |a 547.  |b HIN 
100 |a Hine, Jack  |e (autor) 
245 1 0 |a Physical Organic Chemistry /  |c J. Hine. 
264 1 |a Nueva York, EUA :  |b McGraw-Hill,  |c 1956 
300 |a 465 p. 
336 |a texto  |b txt  |2 rdacontenido 
337 |a sin mediación  |b n  |2 rdamedio 
338 |a volumen  |b nc  |2 rdasoporte 
649 |a XX 
650 |a Química Orgánica 
910 |a Fondo General 
920 |a Impresos - Libros 
930 |a Colección General 
905 |a 101 
901 |a 0140490100  |b IT1  |c ACC  |i 014049  |u 20250521 
901 |a 0140490200  |b IT1  |c ACC  |i 905787  |u 20250521 
902 |a https://opac.biblio.iteso.mx/vufind/Record/000014049